000 00404nam a2200157Ia 4500
008 230524s9999 xx 000 0 und d
082 _a530
_bDAT
100 _aSomnath Datta
_924193
245 0 _aIntroduction to Special Theory of Relativity
250 _a1ST
260 _aNEW DELHI
_bAllied Publishers
_c2000
300 _aIX;205
500 _aQuantity Number: 1
650 _aPhysics
942 _cBK
999 _c35712
_d35712